000
00312nam a2200121Ia 4500
008
190216s9999||||xx |||||||||||||| ||und||
100
_a
Acheson R M
245
0
_a
Introduction To The Chemistry Of Heterocyclic Compounds
260
_b
Wiley Eastern Ltd
_c
1976
300
_a
408p
650
_a
Chemistry
942
_c
BK
999
_c
2337
_d
2337